Un desastre es para siempre. (Registro nro. 3252)

Detalles MARC
000 -LEADER
fixed length control field 01184nam a2200193 a 4500
008 - CAMPO DE CONTROL (LIBRO)
fixed length control field 180918t2014 ag |||g||||| 001 1 spa d
020 ## - INTERNATIONAL STANDARD BOOK NUMBER
ISBN 9789877390025
041 ## - CODIGO DE IDIOMA
Código de idioma del texto/pista de sonido o título separado spa
092 ## - SIGNATURA TOPOGRAFICA DEWEY LOCAL
número de clasificación 808
libristica 51
sección MCG
100 1# - ENTRADA PRINCIPAL--NOMBRE PERSONAL
Nombre personal McGuire, Jamie
9 (RLIN) 4304
245 ## - TITULO PROPIAMENTE DICHO
Título Un desastre es para siempre.
Subtítulo y Título paralelo ¿Será el amor la salvación? /
Mención de responsabilidad y remanente de la transcripción de la portada Jamie McGuire
250 ## - MENCION DE EDICION
Mención de edición 1a ed.
Mención de responsabilidad relacionada con la ed. Traducción Ana Momplet
260 ## - PIE DE IMPRENTA
Lugar de publicación, distribución, etc Buenos Aires:
Nombre de la editorial, distribuidor, etc Suma de Letras;
Fecha de publicación 2014.
300 ## - DESCRIPCION FISICA
Extension 160 p.
Dimensiones 23x15 cm.
500 ## - NOTA GENERAL
Nota general McGuire, J.(2014). Un desastre es para siempre. (1a ed.). Buenos Aires : Suma de Letras.
505 ## - NOTA DE CONTENIDO
Nota de contenido formateada Sabes que Abby se ha convertido en la señora Maddox, pero... ¿lo sabes todo? ¿Por qué fue Abby quien pidió matrimonio a Travis? ¿Qué secretos salieron a la luz antes de la ceremonia? ¿Dónde pasaron su noche de bodas? ¿Quién más sabía lo que iba a pasar y no lo contó? Todo lo que rodea la boda es secreto...hasta ahora. Abby y Travis han de huis a Las Vegas, donde quizá su amor los salve una vez más. Disfruta del día de la boda y ¡de la noche de bodas también! Como ocurre con todas las buenas historias, la espera valió la pena.
655 ## - MATERIA - GENERO/FORMA
Género/Forma Literatura
-- 2917
942 ## - ADDED ENTRY ELEMENTS (KOHA)
Source of classification or shelving scheme Dewey Decimal Classification
Item type LITERATURA
Existencias
Estado de retiro Existencia Fuente de clasificación Estado general No para prestamo Ubicación permanente ubicación actual Sala de ubicación Fecha de adquisición Fuente de adquisición Total Checkouts Número de clasificación Código de barras Date last seen Número de ejemplar Price effective from Koha tipo de elemento (item) Public note Coded location qualifier
    Dewey Decimal Classification     Biblioteca Medicina Biblioteca Medicina Circulación 23/04/2025 Donación Abril 2025. Chiara Montenegro   808 51 MCG 5009 24/04/2025 Ej.1 24/04/2025 LITERATURA Donación Abril 2025. Chiara Montenegro. Sede Tordos.  

UNIVERSIDAD NACIONAL DEL COMAHUE
Biblioteca de la Facultad de Ciencias Médicas
Sede Toschi: Los Arrayanes y Av. Toschi, Cipolletti  - Rio Negro
Sede Los Tordos:  Yrigoyen al 2211, Cipolletti - Rio Negro 

Teléfono: 0299 - 4774707 int 25
Contacto: biblioteca@facimed.uncoma.edu.ar
© 2011 - 2026